| 000 | 00777nam a2200205 a 4500 | ||
|---|---|---|---|
| 001 | 000034578 | ||
| 005 | 20200930073758.0 | ||
| 008 | 111010s1585 fr a 000 0 lat d | ||
| 040 |
_aDO-SdBNP _bspa _cBNPHU |
||
| 110 | 2 |
_aIglesia Católica _94241 |
|
| 240 | 1 | 0 | _aDecretales Gregorio IX |
| 245 | 1 | 0 |
_aDecretales D. Gregorii Papae IX : _bsvae integritati vna cvm glossis restitvtae ; cum priuilegio Gregorii XIII. Pont. Max. [et] aliorum Principum. |
| 260 |
_aParisiis : _b[s.n.] , _c1585. |
||
| 300 |
_a[28] p., 1966 columnas, 42, [2] p. : _bil. ; _c35 cm. |
||
| 500 | _aIncluye índice. | ||
| 650 | 2 | 4 |
_aDerecho canónigo _960011 |
| 650 | 2 | 4 |
_aDecretos papales _960012 |
| 650 | 2 | 4 |
_aIglesia católica _91307 |
| 710 | 2 |
_aIglesia Católica. _bPapa (1227-1241 : Gregorio IX) _960013 |
|
| 999 |
_c34069 _d34069 |
||